Geography Quiz

Random Geography or City Quiz

World's Largest Cities Throughout History Quiz Stats

 Plays Quiz Updated Nov 2, 2018

Score 0/35 Timer 05:00
5 Plays Today
Year Became #1 City % Correct
25Rome
93.5%
1825London
93.3%
1925New York
92.2%
1965Tokyo
83%
1425Beijing
79.5%
1710Beijing
79.5%
1315Cairo
72.5%
340Constantinople
72.2%
1127Constantinople
72.2%
1153Constantinople
72.2%
1650Constantinople
72.2%
320 BCAlexandria
51.6%
775Baghdad
43.2%
1770 BCBabylon
40.9%
612 BCBabylon
40.9%
2030 BCUr
22.5%
3100 BCMemphis
17.1%
1557 BCMemphis
17.1%
Year Became #1 City % Correct
1980 BCThebes
15.8%
1400 BCThebes
15.8%
1358Nanching
9.9%
195 BCChangan
9.8%
637Changan
9.8%
935Cordova
7.3%
668 BCNineveh
7%
2240 BCAkkad
4.9%
1180Hangzhou
4.5%
1348Hangzhou
4.5%
1170Fez
3.9%
1145Merv
2.7%
1013Kaifeng
2.5%
570Ctesiphon
2.4%
2075 BCLagash
2.1%
300 BCPataliputra
2%
1670 BCAvaris
1.8%

You're not logged in!

Compare scores with friends on all Sporcle quizzes.
OR
Log In

Sporcle TV

Today on Sporcle TV


Watch our educational content, quiz creation guides, and fun videos on Sporcle TV.

Show Comments

Extras

Top Quizzes Today


Score Distribution

Your Account Isn't Verified!

In order to create a playlist on Sporcle, you need to verify the email address you used during registration. Go to your Sporcle Settings to finish the process.

Report this User

Report this user for behavior that violates our Community Guidelines.

Details: